01412npm a2200289 i 45000010005000000030009000050050017000140070014000310080041000450800017000860800019001031000036001222450259001582600065004173000052004825000067005345010083006015010077006846500036007617000029007977000063008267400040008898520027009299420020009569990015009769520131009915292ES-MaACL20250928104140.0hzrazu bucu900427r19901641sp a 00010 spa d a9(465.2+467) a328(465.2+467)1 aBlancas, Jerónimo de.912600510aCoronaciones de los Serenissimos Reyes de Aragon b: [Microforma] /cescritas por Geronimo de Blancas... Con dos tratados del modo de tener Cortes, del mismo autor y de Geronimo Martel... Publicado... Iuan Francisco Andres de Vztarroz, con algunas notas. aMadrid : bAteneo Cientifico, Literario y Artistico, c1990. a1 carrete de microfilme : bnegativo ; c16 mm. aPublicado originalmente: Zaragoza, Diego Dormer, 1641, en 2 v. aCon: Modo de proceder en Cortes de Aragon / escrito por Geronimo de Blancas... aCon: Forma de celebrar Cortes en Aragon / escrita por Geronimo Martel...14aObras anteriores a 1800.9156611 aMartel, Geronimo.9771511 aAndrés de Uztárroz, Juan Francisco, d1606-16539216010 aForma de celebrar Cortes en Aragon. aES-MaACLjMC-38395409 2udccMICROFORMA c5292d5292 00102udc40708LIBXVIIaATENEOMbATENEOMcDEPO1d2008-01-17l0oMC-383p1005355r2023-02-23 00:00:00w2023-02-23yMICROFORMA